| 000 | 00357nam a2200145Ia 4500 | ||
|---|---|---|---|
| 008 | 191201s2005 xx 000 0 und d | ||
| 082 |
_a530 _bSAF |
||
| 100 | _aSAXENA, B S | ||
| 245 | 0 | _aFundamentals of Solid State Physics | |
| 250 | _aRep | ||
| 260 |
_aN.Delhi _bPragati Publication Meerut _c2005 |
||
| 300 | _a633 | ||
| 650 | _aApplied | ||
| 942 |
_2ddc _cBK |
||
| 999 |
_c1088 _d1088 |
||